00429nam a2200157Ia 4500003000400000008004100004040001600045082002100061100001900082245004800101700001700149260006300166300000800229650002400237650001000261GCL140319s9999 xx 000 0 eng d aGCL / cGCL04aCCb910.202bC C1 aCOWLEY,DEBORAK10aCAIRO: A PRACTICAL GUIDE / cCOWLEY,DEBORAK1 aSENWR, ALEYA a[S.N] : bTHE AMERICAN UNIVERSITY IN CAIRO PRESS ، c1975 a15804aWORLD TRAVEL GUIDES04aCAIRO